Rozvoj kúpeľníctva v Karlových Varoch po roku 1989
Rozvoj kúpeľníctva v Karlových Varoch po r. 1989. Karlove Vary v procese privatizácie. Vplyv štrukturálnych zmien na počet a štruktúru kúpeľných hostí. Skracovanie priemernej dĺžky liečebného pobytu.
Enregistré dans:
| Auteur principal: | |
|---|---|
| Format: | Chapitre de livre |
| Langue: | slovaque |
| Sujets: | |
| Tags: |
Pas de tags, Soyez le premier à ajouter un tag!
|
MARC
| LEADER | 00000naa a2200000 4500 | ||
|---|---|---|---|
| 001 | r048710 | ||
| 005 | 20230724111423.5 | ||
| 041 | 0 | |a slo | |
| 044 | |a SK | ||
| 245 | 1 | 0 | |a Rozvoj kúpeľníctva v Karlových Varoch po roku 1989 |c Ema Mišúnová |
| 520 | |a Rozvoj kúpeľníctva v Karlových Varoch po r. 1989. Karlove Vary v procese privatizácie. Vplyv štrukturálnych zmien na počet a štruktúru kúpeľných hostí. Skracovanie priemernej dĺžky liečebného pobytu. | ||
| 610 | 2 | 0 | |a kúpeľníctvo |
| 610 | 2 | 0 | |a kúpele |
| 610 | 2 | 0 | |a privatizácia |
| 610 | 2 | 0 | |a Česko |
| 610 | 2 | 0 | |a Karlove Vary |
| 610 | 2 | 0 | |a 1989 |
| 610 | 2 | 0 | |a zmeny štruktúrne |
| 610 | 2 | 0 | |a kapacita ubytovacia |
| 610 | 2 | 0 | |a liečenie kúpeľné |
| 100 | 1 | |a Mišúnová, Ema | |